000 00603nam a2200265Ia 4500
005 20260121165119.0
008 008 260114s9999 xx 000 0 eng d
020 _a9781137587756
037 _aEBOOK
040 _aCRL
040 _beng
040 _cCRL
041 _2eng
041 _aeng
084 _qCRL
100 _aHamid Dabashi
_91047697
245 0 _aIran
260 _bSpringer
260 _bSpringer
260 _c2016
856 _uhttps://link.springer.com/openurl?genre=book&isbn=978-1-137-58775-6
942 _cEBOOK
999 _c1613422
_d1613422